00299nam a2200121Ia 4500008004100000082001500041100001800056245004100074250000800115260003800123300000800161650000800169191201s2011 xx 000 0 und d a658.5bMAP aMADAN, Pankaj 0aProduction and Operations Management a1st aN. DelhibGlobal Vision pubc2011 a698 aBBA